| 000 | 00475nam a2200157 a 4500 | ||
|---|---|---|---|
| 005 | 20140412111317.0 | ||
| 008 | 001219s19uu xx 00 eng d | ||
| 020 | _a0-7172-8192-2 | ||
| 050 |
_aER _bDo632 1988 |
||
| 245 |
_aDonald's day in the kitchen : _bfun with kitchen words. |
||
| 260 |
_aDanbury, CT : _bGrolier Enterprises Corp, _c1988. |
||
| 300 | _a1 v. (unp.) ; ill. | ||
| 440 | _aA Disney Rhyming Reader | ||
| 650 | _aKitchen stories -- Fiction | ||
| 999 |
_c104276 _d104276 |
||